000 01222cam a2200349 i 4500
001 19237958
003 OSt
005 20250616094401.0
008 160819s2018 at a b 001 0 eng
010 _a 2016951793
020 _a1305577213
040 _aDLC
_beng
_erda
_cDLC
_dDLC
042 _apcc
050 0 0 _aQD79.I5
_bS58 2018
100 1 _aSkoog, Douglas A.,
245 1 0 _aPrinciples of instrumental analysis /
_cDouglas A. Skoog, F. James Holler & Stanley R. Crouch
250 _a7th ed.
264 1 _aAustralia :
_bCengage Learning,
_c2018
300 _axix, 959 p:
336 _atext
_btxt
_2rdacontent
337 _aunmediated
_bn
_2rdamedia
338 _avolume
_bnc
_2rdacarrier
504 _aIncludes bibliographical references and index.
505 0 _aMeasurement basics -- Atomic spectroscopy -- Molecular spectroscopy -- Electroanalytical chemistry -- Separation methods -- Miscellaneous methods.
650 0 _aInstrumental analysis
_vTextbooks.
700 1 _aHoller, F. James,
700 1 _aCrouch, Stanley R.,
906 _a7
_bcbc
_corigcop
_d2
_encip
_f20
_gy-gencatlg
942 _2lcc
_cBK
999 _c19830
_d19829